LEADER 01328nam a2200301 u 4500 001 000000044442 003 CaOOAMICUS 005 20070226114542.0 008 990426s1995 it u000 u ita u 020 $a8801106882 035 $a10821431 040 $aPUL(R)$bita 110 2 $aPontificio Consiglio per la famiglia.$0(OLS)http://pul/name/21287 245 10$aDonna, sposa e madre :$bnella famiglia, e nella società alle soglie del terzo millennio /$cPontificio Consiglio per la famiglia. 260 $aLeumann :$bElle di Ci,$cc1995. 300 $a134 p. ;$c21 cm 504 $aBibliografia in nota. 650 4$aDonne nel cristianesimo.$0(OLS)http://pul/subject/9377 650 4$aMatrimonio.$0(OLS)http://pul/subject/1360 650 4$aDonna.$0(OLS)http://pul/subject/7073 850 $aPUL 852 $aPUL$W1$xDP1 Cons. Gen., Altre Classi 1$y22$m43 C 191$j59818$nBK-PRI$b $qStampati$B59818$CPULBib$Z2$F59818 $H $81 910 $aPontificium Consilium pro familia$921287 941 1 $a8 961 $aINV: 74371 996 $6020$a8801106882$9(OLS)http://pul/number/55405 996 $6245$aDonna, sposa e madre :$bnella famiglia, e nella società alle soglie del terzo millennio$9(OLS)http://pul/title/59896 996 $6260$aLeumann :$bElle di Ci$9(OLS)http://pul/publisher/65747 LEADER 01635nam a2200373 u 4500 001 000000064157 003 CaOOAMICUS 005 20070226121327.0 008 011114s1948 quc u000 u lat u 035 $a10909863 040 $aPUL(R)$bita 100 0 $aIohannes a Sancto Thoma,$cO.P.,$d1589-1644.$0(OLS)http://pul/name/14100 245 10$aDe donis Spiritus Sancti :$bcursus thologicus in Iam-IIae /$cJoannes a Sancto Thoma ; Armand Mathieu et Herv{82} Gagn{82} ... editionem curaverunt. 246 30$aCursus theologicus 246 30$aIn Iam-IIae 260 $aQuebeci :$b[s.n.],$c1948. 300 $axv, 383 p. ;$c22 cm 490 1 $aCollectio Lavallensis.$aSectio Theologica 500 $aContiene indici. 504 $aBibliografia in nota. 650 4$aSpiritus Sanctus.$0(OLS)http://pul/subject/903 700 1 $aGagn{82}, Herv{82}.$0(OLS)http://pul/name/43363 700 1 $aMathieu, Armand,$csac.$0(OLS)http://pul/name/43362 710 2 $aUniversité Laval.$0(OLS)http://pul/name/43364 830 0$aCollectio Lavallensis.$pSectio Theologica.$0(OLS)http://pul/title/85423 850 $aPUL 852 $aPUL$W1$xSL Religione 1$y3$m80 E 18$j83218$nBK-PRI$b $qStampati$B83218$CPULBib$Z2$F83218 $H $81 941 1 $a8 960 $aSpirito Santo$9903 961 $aINV: 36473 996 $6245$aDe donis Spiritus Sancti :$bcursus thologicus in Iam-IIae$9(OLS)http://pul/title/85496 996 $6246$aCursus theologicus$9(OLS)http://pul/title/85421 996 $6246$aIn Iam-IIae$9(OLS)http://pul/title/85497 996 $6260$aQuebeci :$b[s.n.]$9(OLS)http://pul/publisher/70786